Inside Africa (Record no. 1158180)

MARC details
000 -LEADER
fixed length control field 00697nam a2200253Ia 4500
003 - CONTROL NUMBER IDENTIFIER
control field OSt
005 - DATE AND TIME OF LATEST TRANSACTION
control field 20221007080034.0
008 - FIXED-LENGTH DATA ELEMENTS--GENERAL INFORMATION
fixed length control field 221006b |||||||| |||| 00| 0 eng d
037 ## - SOURCE OF ACQUISITION
Terms of availability Textual
040 ## - CATALOGING SOURCE
Original cataloging agency FLL
Transcribing agency FLL
Language of cataloging eng
041 ## - LANGUAGE CODE
Source of code eng
Language code of text/sound track or separate title eng
100 ## - MAIN ENTRY--PERSONAL NAME
Personal name Yaruingam A.S. Ed.
245 #0 - TITLE STATEMENT
Title Inside Africa
Remainder of title contemporary perspectives
250 ## - EDITION STATEMENT
Edition statement 1st Pub.
260 ## - PUBLICATION, DISTRIBUTION, ETC.
Place of publication, distribution, etc. New Delhi
Name of publisher, distributor, etc. Shipra Publications India
Date of publication, distribution, etc. 2013
300 ## - PHYSICAL DESCRIPTION
Extent xii,300p
Dimensions cm.
700 ## - ADDED ENTRY--PERSONAL NAME
Personal name Kapoor Rashmi
9 (RLIN) 537165
942 ## - ADDED ENTRY ELEMENTS (KOHA)
Classification part V6.N, Q3
Koha item type Textual
Source of classification or shelving scheme Colon Classification (CC)
Holdings
Withdrawn status Lost status Source of classification or shelving scheme Damaged status Not for loan Home library Current library Date acquired Total Checkouts Full call number Barcode Date last seen Price effective from Koha item type
    Colon Classification (CC)     Faculty of Law Library Faculty of Law Library 2022-10-07   V6.N Q3 LL1556910 2022-10-07 2022-10-07 Textual
Copyright @ Delhi University Library System